00639nam a2200169 i 450000100060000000300090000600500170001500700030003200800410003524501180007626000340019430000220022870000480025085200320029899900170033095201220034756629ES-MaACL20230906163420.0t|031010s1966 sp ||||1| spa d00aDinámica socio-urbana de una capital b: Vitoria 1950-1964 / cJosé Manuel López de Juan Abad ... [et al.]. a[Vitoria : bEragraf, c1966] a215 p. ; c30 cm.1 aLópez de Juan Abad, José Manuel.973550 aES-MaACLjC-30092 bR.60427 c56629d56629 00104070aATENEOMbATENEOMcDEPO2d2008-01-17eSCl0oC-30092p1059470r2023-02-23 00:00:00w2023-02-23yMONOGRAFIA